| 000 | 00965nam a22001937a 4500 | ||
|---|---|---|---|
| 999 |
_c62811 _d62811 |
||
| 003 | Ge_BSU | ||
| 005 | 20250226151413.0 | ||
| 008 | 250226s1960 ge ||||| |||| 00| 0 geo d | ||
| 041 | _ageo | ||
| 080 | _a616.24-002.5-08 ზ-39 | ||
| 100 |
_aზაქარიაძე, თ. _924421 |
||
| 245 |
_aტუბერკულოზის ძირითადი სამკურნალო ანტიბაქტერიული ნივთიერებები და მათდამი ტუბერკულოზის მიკრობაქტერიების გამძლეობა / _cთ. ზაქარიაძე. |
||
| 264 |
_aთბ. : _b საბჭ. საქართველო, _c1960. |
||
| 300 |
_a192 გვ. : _bილ. ; _c23 სმ. |
||
| 504 | _aბიბლიოგრ: გვ. 176-191. | ||
| 653 | _aტუბერკულოზი | ||
| 653 | _aმედიცინა | ||
| 942 |
_2udc _cᲬᲘᲒᲜᲘ |
||